| 000 | 00892nam a22003017a 4500 | ||
|---|---|---|---|
| 001 | 9991 | ||
| 003 | FISKH | ||
| 005 | 20260324151945.0 | ||
| 008 | 260324b cb ||||| |||| 00| 0 eng d | ||
| 020 | _a9780590450423 | ||
| 040 |
_aFISKH _beng _cFISKH _dFISKH |
||
| 050 | _aPZ7 .W64816 .B | ||
| 082 | _a813.54 | ||
| 100 | _aWilhelm , Hans | ||
| 245 |
_aBunny trouble / _cby Hans Wilhelm |
||
| 260 |
_aNew York : _bSholastic , _c1985 . |
||
| 300 |
_a32 unnumbered pages : _bcolor illustrations ; _c23 cm . |
||
| 490 |
_aBunny Trouble _v1 |
||
| 505 | _aN | ||
| 520 | _aMax the duck volunteers to babysit for puppy Anabel, unaware of all the mischief a puppy can get into. | ||
| 521 | 8 |
_a590
_bLexile |
|
| 521 | 8 |
_aN
_bRaz-Plus |
|
| 650 |
_aBunnies _vFiction |
||
| 650 |
_aHolidays _vFiction |
||
| 650 |
_aSoccer _vFiction |
||
| 942 |
_2ddc _cBK _n0 |
||
| 999 |
_c9991 _d9991 |
||